01751nam a2200385 a 4500001001000000003000500010005001700015008004100032010001100073011001100084040000900095090001000104100003800114245020500152260004100357500006000398502009800458502007700556590004100633590004100674590004000715590004000755650004900795650003200844650003300876650003200909700003600941856007000977901000701047942001001054942000601064999001901070952013601089952014001225000109306CHAP20220329144045.0140416s2013 mx a sm |||||||spa d a105768 a106740 cCHAP aTesis1 aEspinosa Garrido, Bibiana912665610aCaracterización variental, valor nutricional y estudio sensorial en tres variedades de amaranto (Amarantus hypochondriaus L.) /h[En línea]cpor Bibliana Espinosa Garrido y Elvia Espinosa Garrido. aChapingo, Méx. :bEl autor,c2013. aPara ver el contenido del material haga clic en la liga aTesis (Ing. Agr. Esp. en Agroindustrial) -- UACH. Departamento de Ingeniería Agroindustrial aTesis (Ing. Agr. Esp. en Fitotecnia) -- UACH. Departamento de Fitotecnia aBATCH-UPDb05c20141002lUCH01h0901 aE11695DGDb10c20141103lUCH01h0929 aE5652GLJb05c20140416lUCH01h1304 aE5652GLJb05c20140416lUCH01h130514aAmarantoxFisiología y morfología.9512514aAmarantoxGenética.9512614aAmarantoxRendimiento.9514014aAmarantoxVariedades.951461 aEspinosa Garrido, Elvia9126657 aFinding aiduhttp://10.13.5.2/tesis/sist109306.pdfzTeclea aquí aBK cTESIS n0 c105768d105768 00104054718TESISaBCbBCd2014-04-16fTESISl0oTesisp33724002367819r2019-12-31 00:00:00w2019-12-31yTESISzRecien adquirido 00102local4053708TESISaBCbBCcPA_TESISd2014-04-16fTESISl0oTesisp33724002367850r2019-12-31 00:00:00tc.2w2019-12-31yTESIS